Rodičky prvý anti-ženský román

Podrobná bibliografia
Hlavný autor: Brix, Ľubica, 1968- (Autor)
Médium: Kniha
Jazyk:slovenčina
Fyzický popis:162 s. 22 cm
Vydavateľské údaje: [Košice] Equilibria 2017
ISBN:9788081432095
Vydanie:Vyd. 1.
Predmet:

MARC

LEADER 00000cam a2200000 a 4500
001 vtls011726266
003 SK-MaSNL
005 20260301141658.0
008 200104s2017 xo g 010 f slo
015 |a SNBA2018 
020 |a 9788081432095  |q (viaz.) 
035 |a urn:nbn:sk:snk-am00d28z 
035 |a urn:nbn:sk:snk-am3hj87 
035 |a BCCD89B5-9B32-4E2A-87AE-7A129D3D06D0 
040 |a SNK  |b slo  |c SNK  |e AACR2 
041 0 |a slo 
044 |a xo  |c SK 
072 7 |a 821.162.4-3  |x Slovenská próza  |2 konspekt 
080 |a 821.162.4-31  |2 2011 
100 1 |a Brix, Ľubica,  |d 1968-  |4 aut  |9 214231 
245 1 0 |a Rodičky  |b prvý anti-ženský román  |c Ľubica Brix 
250 |a Vyd. 1. 
260 |a [Košice]  |b Equilibria  |c 2017 
300 |a 162 s.  |c 22 cm 
500 |a Miesto vyd. podľa ISBN 
655 7 |a slovenské romány  |2 SNKPH  |9 70324 
655 7 |a Slovak fiction  |2 SNKPHeng  |9 277096 
919 |a 978-80-8143-209-5 
999 |c 767957  |d 769887 
952 |a SNK  |b SNK  |y PREZ  |7 0  |p 17A1320454  |o snkSC 178172  |i snk2018/3893  |8 0  |0 0  |1 0  |4 0  |d 2018-02-12  |f 1  |l 0  |r 2025-09-19 00:00:00  |w 2026-02-24 
952 |a SNK  |b SNK  |y PREZ  |7 0  |p 17A1320455  |o snkSC 178172 D1  |i snk2018/3895  |8 0  |0 0  |1 0  |4 0  |d 2018-02-12  |l 0  |r 2026-02-24 00:25:17  |w 2026-02-24